000 00357nam a22001337a 4500
999 _c7660
_d7658
005 20210318115354.0
008 210318b ||||| |||| 00| 0 eng d
082 _a346.066
100 _aAIYAR, A.N.
_96466
245 _aCOMPANY CASES THE CORPORATE LAW WEEKLY [VOL-143]
260 _aCHENNAI
_bCOMPANY LAW INSTITUTE OF INDIA
300 _a911,P
942 _cJRL